| 000 | 01315pam a2200325 a 4500 | ||
|---|---|---|---|
| 001 | 2958651 | ||
| 003 | ARRUPE | ||
| 005 | 20150120134455.0 | ||
| 008 | 910313s1992 njua b 001 0 eng | ||
| 010 | _a 91003077 | ||
| 020 |
_a0691085129 (alk. paper) : _c$29.95 |
||
| 040 |
_aDLC _cDLC _dDLC |
||
| 041 | 1 |
_aeng _hita |
|
| 050 | 0 | 0 |
_aQP341 _b.P4713 1992 |
| 082 | 0 | 0 |
_a591.19/127 _220 |
| 100 | 1 |
_aPera, Marcello, _d1943- _914317 |
|
| 240 | 1 | 0 |
_aRana ambigua. _lEnglish |
| 245 | 1 | 4 |
_aThe ambiguous frog : _bthe Galvani-Volta controversy on animal electricity / _cMarcello Pera ; translated by Jonathan Mandelbaum. |
| 260 |
_aPrinceton, N.J. : _bPrinceton University Press, _cc1992. |
||
| 300 |
_axxvi, 203 p. : _bill. ; _c25 cm. |
||
| 500 | _aTranslation of: La rana ambigua. | ||
| 504 | _aIncludes bibliographical references (p. [189]-200) and index. | ||
| 600 | 1 | 0 |
_aGalvani, Luigi, _d1737-1798. _914318 |
| 600 | 1 | 0 |
_aVolta, Alessandro, _d1745-1827. _914319 |
| 650 | 0 |
_aElectrophysiology _xHistory. _914320 |
|
| 856 | 4 | 2 |
_3Publisher description _uhttp://www.loc.gov/catdir/description/prin031/91003077.html |
| 906 |
_a7 _bcbc _corignew _d1 _eocip _f19 _gy-gencatlg |
||
| 942 |
_2lcc _cMONOGRAPH |
||
| 999 |
_c121797 _d121797 |
||